000 00426nam a2200121 a 4500
008 120416s1950 xx |||||||||||||| || u
050 _aTT 180 Har
100 _aHarris, Edward
245 1 0 _aIntroduction to woodworking and construction
260 _c1950
350 _a0.00
995 _D0.00
_FCBU-MAIN LIBRARY (Kitwe)
_H1
_I7.15
_UAVAILABLE
_ZAnnex Low-Usage Collection
999 _c48091
_d48091